Taylor Swift - Paroles Better Man - Statistiques

Statistiques générales
  • Ce quiz a été pris 53 fois
  • Le résultat moyen est 434 sur 481
Statistiques - réponses
Hint Réponse % Correct
Breakdown | Bridge | Couplet 1 | +2 others I
100%
of
100%
oh,
100%
Oh,
100%
the
100%
a
96%
A
96%
And
96%
and
96%
be
96%
better
96%
can
96%
could
96%
he
96%
I'm
96%
in
96%
man
96%
man)
96%
me
96%
middle
96%
my
96%
night,
96%
on
96%
see
96%
some
96%
we
96%
We
96%
were
96%
who
96%
wish
96%
you
96%
you,
96%
You
96%
again,
92%
again
92%
back
92%
But
92%
(But
92%
did
92%
ever
92%
feel
92%
had
92%
If
92%
if
92%
it
92%
just
92%
know
92%
off
92%
own
92%
Refrain Sometimes,
92%
to
92%
What
92%
what
92%
when
92%
all
88%
alone
88%
been
88%
damage
88%
didn't
88%
do
88%
goodbye
88%
hand
88%
like
88%
Like
88%
love
88%
love,
88%
miss
88%
Never
88%
never
88%
one
88%
probably
88%
run
88%
say
88%
thing
88%
was
88%
wasn't
88%
would've
88%
your
88%
might
83%
myself,
83%
still
83%
why
83%
4 a.m.,
79%
beginning
79%
bravest
79%
his
79%
mind
79%
Than
79%
thought
79%
always
75%
any
75%
can't
75%
change
75%
I'd
75%
it's
75%
lovin'
75%
permanent
75%
Talking
75%
at
71%
given
71%
have
71%
kind
71%
magic
71%
minute
71%
needing
71%
now
71%
Saying
71%
that
71%
Yeah,
71%
yeah
71%
yeah,
71%
become
67%
down
67%
gun
67%
hear
67%
I'll
67%
mirror
67%
terms
67%
this
67%
wonder
67%
word
67%
around
63%
because,
63%
both
63%
every
63%
forget
63%
jealousy,
63%
standing
63%
sweet
63%
turn
63%
best,
58%
careless
58%
days,
58%
hold
58%
loaded
58%
Push
58%
away
54%
gave
54%
these
54%
they
54%
Hoping
50%
onto
46%
waited
46%
pride
42%
Aucun quiz correspondant
Distribution des résultats
% des personnes avec chaque résultat
Percentile par nombre de réponses
Votre historique - résultats
Vous n’avez pas pris ce quiz